01079 2200205 4500001002100000005001500021035002000036008004100056245008700097100001600184250000600200260003800206300001200244084001400256082000800270650001000278520056100288990001200849990001200861INLIS00000000000084820240607082418 a0010-0524000083240607 1 ind 1 aCinderella's Step Brother VS Seoul Evil Queen ( Kejutan Yang Indah ) /cAyuka Sora aSora, Ayuka a1 aYogyakarta :bSheila/ Andi,c2014 a282 hlm a813 AYU c a813 4aFiksi aTernyata Cinderella memang hanyalah sebuah dongeng. Sebuah dongeng pengantar tidur favoritku dulu saat masih kecil. Lagipula, itu bukanlah akhir ceritanya Bukankah Cinderella berakhir bahagia? Akhirnya, ia bertemu pangeran tampan dan menikah dengannya. Sedangkan ibu tiri dan saudara tirinya akhirnya menyesal dan meminta maaf pada Cinderella. Akhirnya, mereka tinggal bersama di istana dan hidup bahagia selamanya. Akhir yang sangat membahagiakan bukan? Tapi tentang pangeran tampan itu . Kita lihat saja nanti Kalian baca kisahnya dalam novel ini ya... a0741296 a0741297